000 00920nam a22002777a 4500
003 DO-SdBNP
005 20180226094027.0
008 180226b 1998 sp a | 00| 0 spa d
020 _a8489384126
040 _aBPMSU
_bspa
_cBPMSU
082 4 _axxx
_bxxxx
100 1 _aLurie, Alison
240 1 _aDon´t tell the grown-ups /
_lspa.
245 1 3 _aNo se lo cuentes a los mayores :
_bliteratura infantil, espacio subversivo /
_cAlison Lurie ; traducción Elena Giménez Moreno
260 _aMadrid :
_bFundación Germán Sánchez Ruipérez,
_c1998.
300 _a237 p. :
_bil.
_c23 cm.
490 0 _aEl árbol de la memoria
500 _aIncluye índice analítico.
500 _aIncluye notas.
504 _aBibliografía p: 223-230
700 1 _aGiménez Moreno, Elena
_etrad.
830 0 _aEl árbol de la memoria
942 _2ddc
_cBK
945 _aInventariado, 2018/ YL
956 _aYLOCKWARD
_b10
_cBPMSU
999 _c13337
_d13337